Vista normal
Vista MARC
Entrada Personal Name
Número de registros utilizados en: 1
001 - CONTROL NUMBER
- control field: 10308
003 - CONTROL NUMBER IDENTIFIER
- control field: DLC
005 - DATE AND TIME OF LATEST TRANSACTION
- control field: 20210514095544.0
008 - FIXED-LENGTH DATA ELEMENTS
- fixed length control field: 020408n| acannaabn |n aaa c
010 ## - LIBRARY OF CONGRESS CONTROL NUMBER
- LC control number: no2002029208
035 ## - SYSTEM CONTROL NUMBER
- System control number: (OCoLC)oca05732144
040 ## - CATALOGING SOURCE
- Original cataloging agency: TxCM
- Language of cataloging: spa
- Transcribing agency: Mx-PuUPA
- Modifying agency: Mx-PuUPA
- Description conventions: rda
100 1# - HEADING--PERSONAL NAME
- Personal name: Grez, Marcela,
374 ## - OCCUPATION
- Occupation: Autor
375 ## - GENDER
- Gender: mujer
377 ## - ASSOCIATED LANGUAGE
- Language code: spa
670 ## - SOURCE DATA FOUND
- Source citation: Quién come?, c2001:
- Information found: cover (Marcela Grez)
670 ## - SOURCE DATA FOUND
- Source citation: Biblioteca del Congreso (Estados Unidos), 28 noviembre 2019 :
- Information found: Catálogo electrónico
- Uniform Resource Identifier: http://bit.ly/37OZT2j
670 ## - SOURCE DATA FOUND
- Source citation: El increíble mundo de los piratas.
- Information found: contra portada ( Marcela Grez)